000 00558nam a22001457a 4500
003 OSt
005 20150930155516.0
008 150930b xxu||||| |||| 00| 0 eng d
040 _cRUA
082 _aAGR ហោ 1991 B002 Or.1
100 _91625
_aហោ, គឹមសុគីនី
245 _aសមាសភាព សត្វល្អិត និង ជំអឺ បំផ្លាញលើដំណាំថ្នាំជក់ វិធានការការពារ និង កំចាត់
300 _a94p.
_bill.
_c29cm.
942 _2ddc
_cAGR
999 _c1532
_d1532